[Event "Peristeri IRT 6th"]
[Site "Peristeri"]
[Date "2017.05.31"]
[Round "7"]
[White "Liarokapis, Vlasios"]
[Black "Kostopoulos, Vasilios"]
[Result "1/2-1/2"]
[WhiteElo "1930"]
[BlackElo "2034"]
[PlyCount "39"]
[EventDate "2017.04.25"]
[EventType "tourn"]
[EventRounds "7"]
[EventCountry "GRE"]
[SourceTitle "EXT 2024"]
[Source "ChessBase"]
[SourceDate "2023.10.10"]
[SourceVersion "1"]
[SourceVersionDate "2023.10.10"]
[SourceQuality "1"]

1. Nf3 Nf6 2. d4 g6 3. c4 Bg7 4. Nc3 d6 5. e4 0-0 6. Be3 Nc6 7. h3 e5 8. d5 Ne7 9. Qd2 Nxe4 10. Nxe4 f5 11. Bh6 fxe4 12. Bxg7 Kxg7 13. Ng5 e3 14. Qxe3 Nf5 15. Qd2 h6 16. Ne4 Qh4 17. Bd3 Nd4 18. 0-0-0 Bf5 19. f3 Bxe4 20. Bxe4 1/2-1/2

[Event "Peristeri IRT 6th"]
[Site "Peristeri"]
[Date "2017.05.08"]
[Round "3"]
[White "Kostouros, Alexandros"]
[Black "Liarokapis, Vlasios"]
[Result "1-0"]
[WhiteElo "2070"]
[BlackElo "1930"]
[PlyCount "79"]
[EventDate "2017.04.25"]
[EventType "tourn"]
[EventRounds "7"]
[EventCountry "GRE"]
[SourceTitle "EXT 2024"]
[Source "ChessBase"]
[SourceDate "2023.10.10"]
[SourceVersion "1"]
[SourceVersionDate "2023.10.10"]
[SourceQuality "1"]

1. e4 e5 2. Nf3 Nc6 3. d4 exd4 4. Nxd4 Nf6 5. Nxc6 bxc6 6. Bd3 d5 7. Nc3 Bb4 8. Bd2 0-0 9. 0-0 Re8 10. Nxd5 Nxd5 11. exd5 Bxd2 12. Qxd2 cxd5 13. Bb5 Re6 14. Rad1 c6 15. Ba4 Qb6 16. c4 Ba6 17. cxd5 Re2 18. Qc3 cxd5 19. Bb3 Bc4 20. Qf3 Bxb3 21. Qxe2 Bxd1 22. Rxd1 d4 23. b3 a6 24. Kf1 Qd6 25. h3 Rd8 26. Rd3 Qf4 27. g3 Qc1+ 28. Qe1 Qc6 29. Kg1 Qd5 30. Qb4 Re8 31. Rxd4 Qf5 32. Kg2 Qb1 33. a4 a5 34. Qc3 Qf5 35. Qd3 Qe5 36. Rd5 Qc7 37. Rd7 Qb6 38. Qd5 Qf6 39. Qxa5 Rb8 40. Qd5 1-0

[Event "Athens Akropolis op"]
[Site "Athens"]
[Date "1992.??.??"]
[Round "2"]
[White "Kondou, Eva"]
[Black "Liarokapis, Vlasios"]
[Result "1-0"]
[WhiteElo "2245"]
[BlackElo "2225"]
[PlyCount "65"]
[EventDate "1992.??.??"]
[EventType "swiss"]
[EventRounds "9"]
[EventCountry "GRE"]
[SourceTitle "TD"]
[Source "ChessBase"]
[SourceDate "1994.03.01"]
[SourceVersion "1"]
[SourceVersionDate "1994.03.01"]
[SourceQuality "1"]

1. e4 c5 2. Nf3 d6 3. c3 Nf6 4. Be2 Nc6 5. d4 cxd4 6. cxd4 Qa5+ 7. Bd2 Qb6 8. Nc3 e5 9. dxe5 dxe5 10. Nd5 Qd8 11. Nxf6+ Qxf6 12. 0-0 Bg4 13. Bg5 Qg6 14. Be3 Be7 15. Nh4 Bxh4 16. Bxg4 Rd8 17. Qf3 Nd4 18. Qh3 Bg5 19. Rfd1 0-0 20. Rxd4 Rxd4 21. Bf5 Qh6 22. Bxg5 Qxh3 23. Bxh3 Rxe4 24. g3 Re2 25. Rb1 f5 26. Bf1 Rc2 27. Bd3 Rcc8 28. Rc1 Rxc1+ 29. Bxc1 Rc8 30. Bd2 e4 31. Bb5 Kf7 32. Bc3 Rd8 33. Kf1 1-0

[Event "Athens Akropolis op"]
[Site "Athens"]
[Date "1992.??.??"]
[Round "1"]
[White "Liarokapis, Vlasios"]
[Black "Papastavropoulos, Andreas"]
[Result "0-1"]
[WhiteElo "2225"]
[BlackElo "2330"]
[PlyCount "76"]
[EventDate "1992.??.??"]
[EventType "swiss"]
[EventRounds "9"]
[EventCountry "GRE"]
[SourceTitle "TD"]
[Source "ChessBase"]
[SourceDate "1994.03.01"]
[SourceVersion "1"]
[SourceVersionDate "1994.03.01"]
[SourceQuality "1"]

1. e4 c5 2. Nf3 Nc6 3. d4 cxd4 4. Nxd4 Nf6 5. Nc3 e5 6. Ndb5 d6 7. Bg5 a6 8. Na3 b5 9. Bxf6 gxf6 10. Nd5 f5 11. exf5 Bxf5 12. Bd3 Be6 13. Qf3 Bg7 14. c3 Rc8 15. Nc2 Ne7 16. Nce3 Nxd5 17. Nxd5 Rc5 18. Ne3 d5 19. Bf5 Qf6 20. Qh3 d4 21. Bxe6 fxe6 22. Qh5+ Qf7 23. Qxf7+ Kxf7 24. Nd1 e4 25. a4 dxc3 26. bxc3 Rd8 27. axb5 axb5 28. Ra7+ Kg6 29. Rb7 Rd3 30. Ke2 Bh6 31. Ne3 Bxe3 32. fxe3 Rcxc3 33. Rb1 Rc2+ 34. Kf1 Rxe3 35. R7xb5 Ree2 36. Rc5 Rf2+ 37. Ke1 Rce2+ 38. Kd1 Rxg2 0-1